[Event "XXXII C.to Italiano femminile"]
[Site "Bratto - Castione della Presolana ITA"]
[Date "2005.08.24"]
[Round "5"]
[White "Reginato, Sabrina"]
[Black "Vocaturo, Ilaria"]
[Result "1/2-1/2"]
[WhiteElo "1670"]
[BlackElo "1448"]
[PlyCount "83"]
[EventDate "2005.08.20"]

1. e4 e5 2. Nf3 Nf6 3. d3 Nc6 4. Nc3 Bb4 5. Bg5 d6 6. Be2 O-O 7. O-O h6 8. Bh4
Be6 9. Qd2 Nd4 10. a3 Nxe2+ 11. Qxe2 Bc5 12. Rad1 Qe7 13. Na4 Bb6 14. Nxb6 axb6
15. h3 c5 16. Nd2 Rfe8 17. f4 exf4 18. Nf3 Rad8 19. c3 Bb3 20. Rde1 g5 21. Nxg5
hxg5 22. Bxg5 Qe5 23. Bxf4 Qh5 24. Rf3 Kh8 25. Qf2 Nh7 26. Rg3 Rg8 27. Ree3 Be6
28. Ref3 d5 29. exd5 Bxd5 30. Re3 Rxg3 31. Rxg3 Rg8 32. Bc7 Rxg3 33. Qxg3 b5
34. Qe3 Qg5 35. Be5+ Kg8 36. Qe2 Be6 37. Kh2 Bd5 38. Bd6 c4 39. dxc4 bxc4 40.
Qe8+ Kg7 41. Qe2 Qg6 42. Qe5+ 1/2-1/2

[Event "XXXII C.to Italiano femminile"]
[Site "Bratto - Castione della Presolana ITA"]
[Date "2005.08.24"]
[Round "5"]
[White "Santurbano, Maria Vincenza"]
[Black "Ambrosi, Eleonora"]
[Result "0-1"]
[WhiteElo "2001"]
[BlackElo "2118"]
[PlyCount "48"]
[EventDate "2005.08.20"]

1. e4 c5 2. Nf3 Nc6 3. c3 d5 4. exd5 Qxd5 5. d4 e5 6. Qa4 Bd7 7. Bc4 Qe4+ 8.
Be3 Nxd4 9. Bxf7+ Ke7 10. Qd1 Nc2+ 11. Kf1 Bb5+ 12. c4 Bxc4+ 13. Bxc4 Qxc4+ 14.
Kg1 Rd8 15. Nbd2 Nxe3 16. fxe3 Qd3 17. Qe1 e4 18. Qh4+ Nf6 19. Kf2 exf3 20.
Nxf3 Qc2+ 21. Kg3 Qe4 22. Qg5 Qg6 23. h4 Rd5 24. Qxg6 hxg6 0-1

[Event "XXXII C.to Italiano femminile"]
[Site "Bratto - Castione della Presolana ITA"]
[Date "2005.08.24"]
[Round "5"]
[White "Sautto, Alessandra"]
[Black "Di Cerbo, Giulia"]
[Result "1-0"]
[WhiteElo "1958"]
[BlackElo "1763"]
[PlyCount "65"]
[EventDate "2005.08.20"]

1. d4 e6 2. Nf3 d5 3. Bf4 c5 4. c3 Nf6 5. e3 Nc6 6. Bd3 Bd6 7. Bg5 O-O 8. Nbd2
Be7 9. O-O h6 10. Bh4 Nd7 11. Bg3 Re8 12. Rc1 Bf8 13. Bb1 e5 14. dxe5 Ndxe5 15.
Nxe5 Nxe5 16. Qc2 Ng6 17. Nf3 Bd6 18. Bxd6 Qxd6 19. Rcd1 Qc6 20. h3 Be6 21. Rd2
Rad8 22. Rfd1 Rd7 23. Qc1 Red8 24. Bxg6 fxg6 25. Ne5 Qc7 26. Nxd7 Rxd7 27. c4
Qc6 28. cxd5 Bxd5 29. Rxd5 Rc7 30. Qc4 Kh7 31. Rd8 g5 32. Qg8+ Kg6 33. R1d6+
1-0

[Event "XXXII C.to Italiano femminile"]
[Site "Bratto - Castione della Presolana ITA"]
[Date "2005.08.24"]
[Round "5"]
[White "Tomba, Patrizia"]
[Black "Lai, Silvia"]
[Result "1/2-1/2"]
[WhiteElo "1622"]
[BlackElo "1748"]
[PlyCount "71"]
[EventDate "2005.08.20"]

1. e4 d5 2. exd5 Qxd5 3. Nc3 Qd6 4. d4 Nf6 5. Nf3 a6 6. g3 Bg4 7. Be2 Nc6 8.
Bf4 Qd7 9. Be3 O-O-O 10. Ne5 Bxe2 11. Qxe2 Qe6 12. Nxc6 Qxc6 13. O-O-O e6 14.
f3 Bb4 15. Rd3 Nd5 16. Nxd5 Rxd5 17. Kb1 Ra5 18. b3 Rd8 19. Bd2 Bxd2 20. Qxd2
Rf5 21. Rf1 Qb6 22. Rd1 Qc6 23. f4 b5 24. Qa5 Kb7 25. Rc3 Qb6 26. Qxb6+ Kxb6
27. Rcd3 Rh5 28. R1d2 Rdd5 29. c4 bxc4 30. bxc4 Ra5 31. Rb3+ Kc6 32. Rdb2 Ra4
33. Rc3 Kd6 34. h4 Rha5 35. Rcc2 Ra3 36. Rb3 1/2-1/2

[Event "XXXII C.to Italiano femminile"]
[Site "Bratto - Castione della Presolana ITA"]
[Date "2005.08.24"]
[Round "5"]
[White "Tonel, Giulia"]
[Black "Matta, Francesca"]
[Result "1-0"]
[WhiteElo "1793"]
[BlackElo "1860"]
[PlyCount "55"]
[EventDate "2005.08.20"]

1. e4 e5 2. Nf3 Nc6 3. Bc4 Bc5 4. c3 d6 5. d4 exd4 6. cxd4 Bb6 7. h3 Nf6 8. Nc3
h6 9. O-O O-O 10. Re1 Re8 11. Bb3 Nh7 12. Na4 Ba5 13. Bd2 Bxd2 14. Qxd2 Ne7 15.
Qf4 Rf8 16. Nc3 c6 17. Rad1 d5 18. exd5 cxd5 19. Nb5 Be6 20. Nc7 Rc8 21. Nxe6
fxe6 22. Qg4 Rf5 23. Rxe6 Nf6 24. Qg3 Ne4 25. Rxe4 Kh7 26. Re2 Nc6 27. Bc2 Qf6
28. Bxf5+ 1-0

[Event "XXXII C.to Italiano femminile"]
[Site "Bratto - Castione della Presolana ITA"]
[Date "2005.08.24"]
[Round "5"]
[White "Varagnolo, Silvia"]
[Black "Chierici, Marianna"]
[Result "0-1"]
[WhiteElo "1643"]
[BlackElo "1700"]
[PlyCount "86"]
[EventDate "2005.08.20"]

1. e4 d6 2. d4 Nf6 3. Nc3 e5 4. dxe5 dxe5 5. Qxd8+ Kxd8 6. Bg5 c6 7. Bc4 Ke8 8.
Nge2 b5 9. Bd3 Be6 10. a3 a6 11. Ng3 Nbd7 12. Rd1 h6 13. Bxf6 Nxf6 14. O-O Rd8
15. Be2 h5 16. Rxd8+ Kxd8 17. Rd1+ Kc7 18. Bd3 g6 19. Nge2 Bc5 20. b4 Bb6 21.
h3 h4 22. Kf1 Nh5 23. Nb1 Rd8 24. Nd2 f5 25. exf5 gxf5 26. f3 Nf6 27. Ke1 Nd5
28. Nf1 Rg8 29. g3 hxg3 30. Nexg3 f4 31. Nf5 Rh8 32. h4 Bxf5 33. Bxf5 Rxh4 34.
Rd2 Bd4 35. Rg2 a5 36. Rg7+ Kb6 37. bxa5+ Kxa5 38. Nd2 Bc3 39. Bc8 Rh1+ 40. Ke2
Rh2+ 41. Kf1 Rxd2 42. Ra7+ Kb6 43. Ra6+ Kc7 0-1

[Event "XXXII C.to Italiano femminile"]
[Site "Bratto - Castione della Presolana ITA"]
[Date "2005.08.24"]
[Round "5"]
[White "Zanaboni, Alessandra"]
[Black "Rigo, Caterina"]
[Result "0-1"]
[WhiteElo "1599"]
[BlackElo "1718"]
[PlyCount "52"]
[EventDate "2005.08.20"]

1. e4 d6 2. d4 Nf6 3. Nc3 g6 4. f4 Bg7 5. Nf3 Nbd7 6. Bd3 O-O 7. O-O c5 8. e5
Ng4 9. Ng5 cxd4 10. Nce4 Ne3 11. Bxe3 dxe3 12. Qg4 dxe5 13. Qh4 h6 14. Bc4 e6
15. Rad1 a6 16. fxe5 Qb6 17. Kh1 Nxe5 18. Nf6+ Kh8 19. Be2 Qxb2 20. Ngh7 Qb6
21. Nxf8 Bxf8 22. g4 Bg7 23. Ne8 Qc6+ 24. Kg1 g5 25. Rd8 gxh4 26. Nf6+ Bf8 0-1

[Event "XXXII C.to Italiano femminile"]
[Site "Bratto - Castione della Presolana ITA"]
[Date "2005.08.25"]
[Round "6"]
[White "Ambrosi, Eleonora"]
[Black "Panella, Fiammetta"]
[Result "1/2-1/2"]
[WhiteElo "2118"]
[BlackElo "1922"]
[PlyCount "83"]
[EventDate "2005.08.20"]

1. d4 d5 2. Nf3 c6 3. e3 Nf6 4. c4 Bf5 5. Qb3 Qb6 6. c5 Qxb3 7. axb3 Nbd7 8.
Nc3 a6 9. b4 O-O-O 10. Nh4 e6 11. Nxf5 exf5 12. f3 g6 13. Kf2 Bh6 14. Bd2 Rhe8
15. h3 Re7 16. Bd3 Rde8 17. f4 Ne4+ 18. Bxe4 fxe4 19. Ke2 Rg8 20. g4 f5 21.
Rag1 Ree8 22. g5 Bf8 23. Ra1 Be7 24. Ra2 Nb8 25. Na4 Bd8 26. Raa1 Kd7 27. h4
Ke6 28. Rh2 Kf7 29. Rah1 Nd7 30. Nc3 Be7 31. Ra1 Ke6 32. Na2 Bd8 33. Nc1 Rg7
34. h5 Reg8 35. Nb3 Nf8 36. Rah1 Bc7 37. Bc3 Bd8 38. Kf2 Bc7 39. Bd2 Bd8 40.
Ke2 Bc7 41. Ra1 Kd7 42. Bc3 1/2-1/2

[Event "XXXII C.to Italiano femminile"]
[Site "Bratto - Castione della Presolana ITA"]
[Date "2005.08.25"]
[Round "6"]
[White "Arnetta, Maria Teresa"]
[Black "Santurbano, Maria Vincenza"]
[Result "1-0"]
[WhiteElo "2004"]
[BlackElo "2001"]
[PlyCount "65"]
[EventDate "2005.08.20"]

1. e4 c5 2. c3 e5 3. Nf3 Nc6 4. d4 cxd4 5. cxd4 Bb4+ 6. Nc3 exd4 7. Nxd4 Nf6 8.
Nxc6 bxc6 9. Bd3 d5 10. exd5 O-O 11. O-O Qc7 12. Ne4 Nxe4 13. Bxe4 Ba6 14. Bd3
Bxd3 15. Qxd3 Rad8 16. Qc4 Bd6 17. dxc6 Bxh2+ 18. Kh1 Qe5 19. Qh4 Qe2 20. Bf4
Bxf4 21. Qxf4 Rfe8 22. c7 Rc8 23. Rfd1 h6 24. Rd7 Qe6 25. Rad1 g5 26. Qd4 Kh7
27. Qxa7 Re7 28. Rxe7 Qxe7 29. Rc1 Qd7 30. Qc5 Qd2 31. b4 Qf4 32. b5 Qh4+ 33.
Kg1 1-0

[Event "XXXII C.to Italiano femminile"]
[Site "Bratto - Castione della Presolana ITA"]
[Date "2005.08.25"]
[Round "6"]
[White "Borsato, Chiara"]
[Black "Zanaboni, Alessandra"]
[Result "0-1"]
[WhiteElo "1649"]
[BlackElo "1599"]
[PlyCount "86"]
[EventDate "2005.08.20"]

1. e4 c5 2. Nf3 d6 3. Nc3 Nf6 4. d3 e6 5. Be2 Be7 6. Be3 Nc6 7. O-O O-O 8. Re1
a6 9. d4 cxd4 10. Bxd4 b5 11. a3 Qc7 12. Bxf6 Bxf6 13. Rb1 Bxc3 14. bxc3 Rd8
15. Bd3 Na5 16. Qd2 Bb7 17. Nd4 Rac8 18. Nb3 Nc6 19. Kh1 Ne5 20. f4 Nxd3 21.
cxd3 Qxc3 22. Qxc3 Rxc3 23. Red1 f5 24. exf5 exf5 25. h3 Re8 26. Rd2 Re3 27.
Nd4 g6 28. Rb3 Rxh3+ 29. Kg1 Rc1+ 30. Kf2 Rh2 31. Ke3 Re1+ 32. Ne2 Rxg2 33.
Rbb2 h5 34. Rbc2 h4 35. Rc7 Bd5 36. Rd7 h3 37. Rd8+ Kg7 38. Rd7+ Bf7 39. Kf3
Rgxe2 40. Rxe2 Rxe2 41. Rc7 h2 42. Rc1 Ra2 43. Kg3 Bd5 0-1

[Event "XXXII C.to Italiano femminile"]
[Site "Bratto - Castione della Presolana ITA"]
[Date "2005.08.25"]
[Round "6"]
[White "Brunello, Marina"]
[Black "Matta, Francesca"]
[Result "0-1"]
[WhiteElo "1667"]
[BlackElo "1860"]
[PlyCount "54"]
[EventDate "2005.08.20"]

1. e4 e5 2. Nf3 Nc6 3. d4 exd4 4. Nxd4 Bc5 5. Be3 Qf6 6. c3 Nge7 7. Bc4 O-O 8.
O-O Bb6 9. f4 d6 10. Na3 Nxd4 11. Bxd4 Be6 12. Bxe6 fxe6 13. Bxb6 axb6 14. Nb5
Rac8 15. Qb3 Kh8 16. Rae1 e5 17. fxe5 Qxe5 18. Kh1 Rxf1+ 19. Rxf1 h6 20. Qb4 d5
21. Re1 Rf8 22. g3 dxe4 23. Rxe4 Qf6 24. Rf4 Qc6+ 25. Kg1 Rxf4 26. Qxf4 Qxb5
27. Qf8+ Ng8 0-1

[Event "XXXII C.to Italiano femminile"]
[Site "Bratto - Castione della Presolana ITA"]
[Date "2005.08.25"]
[Round "6"]
[White "Brunello, Roberta"]
[Black "De Rosa, Mariagrazia"]
[Result "1/2-1/2"]
[WhiteElo "1837"]
[BlackElo "2100"]
[PlyCount "161"]
[EventDate "2005.08.20"]

1. e4 c5 2. Nf3 d6 3. d4 cxd4 4. Nxd4 Nf6 5. Nc3 a6 6. Be3 e6 7. f3 b5 8. g4
Nfd7 9. Qd2 Nb6 10. O-O-O Nc4 11. Bxc4 bxc4 12. g5 Nd7 13. h4 Qc7 14. h5 Rb8
15. g6 Qb7 16. gxf7+ Kxf7 17. b3 Nf6 18. Nde2 Be7 19. Qd4 cxb3 20. axb3 Bd7 21.
f4 Bc6 22. Ng3 Qb4 23. Qxb4 Rxb4 24. Rd4 Rhb8 25. Rhd1 e5 26. Rxb4 Rxb4 27.
fxe5 dxe5 28. Nd5 Rb7 29. Nxe7 Rxe7 30. Bc5 Rd7 31. Rxd7+ Bxd7 32. Bd6 Ng4 33.
Bc7 Be6 34. Kd2 Ke7 35. c4 Kd7 36. Bb8 Kc8 37. Bd6 Kd7 38. Bf8 g6 39. hxg6 hxg6
40. Kc3 Nf2 41. Bc5 Nh3 42. Kb4 Nf4 43. Ba7 Kc7 44. Kc3 Bg4 45. Bc5 Kd7 46. Bf8
Ne6 47. Ba3 Bf3 48. b4 Nd4 49. Kd3 Ke6 50. Bb2 Nc6 51. b5 axb5 52. cxb5 Na5 53.
Kc3 Bg4 54. Kb4 Nb7 55. b6 Kf6 56. Kb5 Bd7+ 57. Kc4 Bc6 58. Kb4 Ke6 59. Ba1 Nd6
60. Kc5 Bb7 61. Bb2 Nxe4+ 62. Nxe4 Bxe4 63. Kc4 Kf5 64. Bc1 g5 65. Kc3 Kg4 66.
Kd2 Kf3 67. Ke1 g4 68. Kf1 Bb7 69. Ba3 e4 70. Bc5 e3 71. Bd6 g3 72. Ke1 g2 73.
Bh2 Bc6 74. Bg1 Bb7 75. Bh2 Bc8 76. Bg1 Ba6 77. Bh2 Kg4 78. b7 Bxb7 79. Ke2
Ba6+ 80. Kxe3 Kh3 81. Bg1 1/2-1/2

[Event "XXXII C.to Italiano femminile"]
[Site "Bratto - Castione della Presolana ITA"]
[Date "2005.08.25"]
[Round "6"]
[White "Chierici, Marianna"]
[Black "Sautto, Alessandra"]
[Result "1-0"]
[WhiteElo "1700"]
[BlackElo "1958"]
[PlyCount "137"]
[EventDate "2005.08.20"]

1. e4 d5 2. exd5 Qxd5 3. Nc3 Qd6 4. d4 c6 5. Nge2 Bf5 6. Bf4 Qd8 7. Qd2 e6 8.
Ng3 Bg6 9. h4 h6 10. O-O-O Nf6 11. Bd3 Bxd3 12. Qxd3 Bd6 13. Bxd6 Qxd6 14. Kb1
Nbd7 15. Nge4 Qc7 16. Rhe1 O-O-O 17. Qg3 Qxg3 18. Nxg3 Nb6 19. Nge4 Nxe4 20.
Nxe4 Rd5 21. c3 Rhd8 22. Kc2 Kc7 23. Nc5 Re8 24. Nd3 Rd7 25. Re4 Rde7 26. b3
Nd7 27. Rde1 Nf6 28. R4e3 g6 29. Rf3 Nd7 30. a4 a6 31. a5 Rg8 32. g4 Rge8 33.
g5 hxg5 34. hxg5 Rh8 35. Re4 Rh5 36. Ref4 Rxg5 37. Rxf7 Rxf7 38. Rxf7 Kd8 39.
b4 Rf5 40. Rg7 g5 41. Kd1 Kc8 42. Rg8+ Kc7 43. Rg7 Kc8 44. Re7 Rf6 45. Ke2 Kd8
46. Rg7 Rf5 47. f3 e5 48. Ke3 exd4+ 49. Kxd4 Rd5+ 50. Ke3 Ne5 51. Nc5 Nc4+ 52.
Kf2 b6 53. axb6 Nxb6 54. Ne6+ Kc8 55. Rc7+ Kb8 56. Rxc6 Kb7 57. Rc7+ Kb8 58.
Rc5 Rxc5 59. Nxc5 Ka7 60. Kg3 Nd5 61. Ne4 Kb6 62. Kg4 Kb5 63. Kxg5 Nxc3 64.
Nxc3+ Kxb4 65. Nb1 Kc5 66. f4 Kd6 67. Kf6 Kd7 68. Kf7 a5 69. f5 1-0

[Event "XXXII C.to Italiano femminile"]
[Site "Bratto - Castione della Presolana ITA"]
[Date "2005.08.25"]
[Round "6"]
[White "Costariol, Elena"]
[Black "Tomba, Patrizia"]
[Result "1-0"]
[WhiteElo "1605"]
[BlackElo "1622"]
[PlyCount "79"]
[EventDate "2005.08.20"]

1. e4 e5 2. Nf3 Nc6 3. Bb5 a6 4. Ba4 Nf6 5. O-O Be7 6. Re1 b5 7. Bb3 O-O 8. c3
d6 9. h3 Na5 10. Bc2 c5 11. d4 Qc7 12. Nbd2 Bd7 13. Nf1 Rac8 14. Ne3 h6 15. Bd2
Rfd8 16. Rc1 c4 17. Qe2 Nb7 18. Nf1 Re8 19. Ng3 Bf8 20. Qd1 Qd8 21. Qe2 Nh7 22.
Rcd1 Qe7 23. dxe5 dxe5 24. Be3 Rc6 25. Rd5 Re6 26. Red1 Bc6 27. Nf5 Qf6 28.
R5d2 Nc5 29. Bxc5 Bxc5 30. Nh2 Ng5 31. Ng4 Qg6 32. Nh4 Qh7 33. Nf5 h5 34. Nh2
Rg6 35. Kf1 Ne6 36. Nh4 Rf6 37. Qe1 g6 38. N2f3 Nf4 39. Rd8 Rfe6 40. Ng5 1-0

[Event "XXXII C.to Italiano femminile"]
[Site "Bratto - Castione della Presolana ITA"]
[Date "2005.08.25"]
[Round "6"]
[White "Di Cerbo, Giulia"]
[Black "Tonel, Giulia"]
[Result "1-0"]
[WhiteElo "1763"]
[BlackElo "1793"]
[PlyCount "79"]
[EventDate "2005.08.20"]

1. d4 Nf6 2. Nd2 d5 3. Ngf3 e6 4. e3 Bd6 5. c3 O-O 6. Bd3 Nbd7 7. O-O c5 8. e4
cxd4 9. Nxd4 Nc5 10. Qe2 Nxd3 11. Qxd3 Bd7 12. exd5 Nxd5 13. Ne4 Be7 14. Nf3 h6
15. Ne5 Qc7 16. Qg3 Kh7 17. Nxd7 Qxd7 18. Rd1 Qc6 19. Qd3 f5 20. Ng3 Rad8 21.
Qe2 Bf6 22. Re1 Rfe8 23. Nh5 e5 24. g4 g6 25. Nxf6+ Qxf6 26. Qf3 e4 27. Qe2 f4
28. Qb5 Re7 29. Qc4 Nb6 30. Qf1 g5 31. Qg2 Qc6 32. h4 Kg7 33. Qh2 Qe6 34. Qh3
Qf6 35. h5 Rd3 36. Qf1 Qd6 37. b3 Kg8 38. a4 Qc5 39. c4 Qd4 40. Ba3 1-0

[Event "XXXII C.to Italiano femminile"]
[Site "Bratto - Castione della Presolana ITA"]
[Date "2005.08.25"]
[Round "6"]
[White "Fittante, Giuliana"]
[Black "Mosca, Giulia"]
[Result "0-1"]
[WhiteElo "1879"]
[BlackElo "1566"]
[PlyCount "76"]
[EventDate "2005.08.20"]

1. d4 d5 2. Nf3 Nf6 3. e3 e6 4. Bd3 c5 5. c3 Nc6 6. Nbd2 Bd6 7. O-O O-O 8. dxc5
Bxc5 9. e4 e5 10. exd5 Qxd5 11. Bc4 Qd8 12. Qc2 h6 13. b4 Bd6 14. Bb2 Qc7 15.
Ne4 Be7 16. Rad1 Bg4 17. Bc1 Rac8 18. Nxf6+ Bxf6 19. Bxh6 Nxb4 20. cxb4 Qxc4
21. Qxc4 Rxc4 22. Be3 b6 23. Rd5 Bxf3 24. gxf3 Rxb4 25. Rfd1 Ra4 26. R1d2 Rc8
27. Re2 Rd8 28. Rb5 Rd1+ 29. Kg2 Ra1 30. Rc2 R1xa2 31. Rc8+ Kh7 32. Rc7 Kg6 33.
Kg3 Ra5 34. Rb4 R2a4 35. Rb3 Ra2 36. Rd3 e4 37. Rdd7 Be5+ 38. f4 Bxc7 0-1

[Event "XXXII C.to Italiano femminile"]
[Site "Bratto - Castione della Presolana ITA"]
[Date "2005.08.25"]
[Round "6"]
[White "Lai, Silvia"]
[Black "Merendino, Elda"]
[Result "1-0"]
[WhiteElo "1748"]
[BlackElo "1556"]
[PlyCount "48"]
[EventDate "2005.08.20"]

1. e4 d6 2. d4 Nf6 3. Nc3 g6 4. Be3 Bg7 5. Qd2 O-O 6. h4 Nbd7 7. f3 a6 8. g4 e5
9. d5 b5 10. h5 g5 11. Bxg5 Qe7 12. Bh4 Rd8 13. g5 Nxh5 14. g6 Ndf6 15. gxh7+
Kh8 16. Qg5 Rd7 17. Bh3 Rd8 18. Bxc8 Raxc8 19. Qxh5 Qf8 20. Bxf6 Bxf6 21. Nh3
Qg7 22. Nf2 Qg3 23. Ke2 Rf8 24. Rag1 Qf4 1-0

[Event "XXXII C.to Italiano femminile"]
[Site "Bratto - Castione della Presolana ITA"]
[Date "2005.08.25"]
[Round "6"]
[White "Rigo, Caterina"]
[Black "Vocaturo, Ilaria"]
[Result "1-0"]
[WhiteElo "1718"]
[BlackElo "1448"]
[PlyCount "95"]
[EventDate "2005.08.20"]

1. e4 e5 2. Nf3 Nf6 3. Nxe5 d6 4. Nf3 Nxe4 5. d4 d5 6. Bd3 Bd6 7. O-O O-O 8.
Re1 Re8 9. Nbd2 f5 10. c3 c6 11. Qb3 Nd7 12. Nxe4 fxe4 13. Bxe4 Kh8 14. Bd3 Rf8
15. Qd1 Nb6 16. Ne5 Qf6 17. Qc2 Bf5 18. Bxf5 Qxf5 19. Qxf5 Rxf5 20. g4 Rff8 21.
Bg5 Rae8 22. Nf7+ Rxf7 23. Rxe8+ Rf8 24. Rxf8+ Bxf8 25. Re1 Kg8 26. b3 h6 27.
Be7 Kf7 28. Bxf8 Kxf8 29. f3 Kf7 30. Kf2 g5 31. Kg3 Nd7 32. h4 a6 33. hxg5 hxg5
34. Rh1 Nf8 35. Rf1 Ng6 36. f4 Nxf4 37. Rxf4+ gxf4+ 38. Kxf4 Kf6 39. g5+ Kg6
40. Ke5 Kxg5 41. Kd6 Kf4 42. Kc7 b5 43. Kxc6 Ke4 44. Kc5 a5 45. Kxb5 Kd3 46.
Kc5 Ke4 47. b4 axb4 48. cxb4 1-0

[Event "XXXII C.to Italiano femminile"]
[Site "Bratto - Castione della Presolana ITA"]
[Date "2005.08.25"]
[Round "6"]
[White "Varagnolo, Silvia"]
[Black "Reginato, Sabrina"]
[Result "1/2-1/2"]
[WhiteElo "1643"]
[BlackElo "1670"]
[PlyCount "57"]
[EventDate "2005.08.20"]

1. e4 c5 2. Nc3 d6 3. g3 Nf6 4. Bg2 Nc6 5. d3 e6 6. f4 a6 7. Nge2 Be7 8. O-O
O-O 9. h3 Qc7 10. g4 b5 11. Ng3 Bb7 12. g5 Ne8 13. f5 g6 14. fxe6 fxe6 15.
Rxf8+ Bxf8 16. Bf4 Qf7 17. Qd2 Nd4 18. Rf1 Qg7 19. h4 Rd8 20. Nd1 Bc8 21. c3
Nc6 22. Qf2 Rd7 23. h5 e5 24. h6 Qf7 25. Bh3 exf4 26. Bxd7 Bxd7 27. Qd2 Ne5 28.
d4 Nc4 29. Qg2 1/2-1/2

[Event "XXXII C.to Italiano femminile"]
[Site "Bratto - Castione della Presolana ITA"]
[Date "2005.08.26"]
[Round "7"]
[White "Arnetta, Maria Teresa"]
[Black "Ambrosi, Eleonora"]
[Result "0-1"]
[WhiteElo "2004"]
[BlackElo "2118"]
[PlyCount "118"]
[EventDate "2005.08.20"]

1. e4 e6 2. d4 d5 3. Nd2 Nf6 4. e5 Nfd7 5. Bd3 c5 6. c3 Nc6 7. Ne2 cxd4 8. cxd4
f6 9. exf6 Nxf6 10. Nf3 Bd6 11. O-O O-O 12. Nc3 a6 13. Re1 Qc7 14. h3 e5 15.
dxe5 Nxe5 16. Nxe5 Bxe5 17. Qb3 Be6 18. Bg5 Qd6 19. Qd1 h6 20. Bh4 g5 21. Rxe5
gxh4 22. Re1 Rf7 23. Kh1 Rg7 24. Ne4 dxe4 25. Bxe4 Qxd1 26. Raxd1 Bxa2 27. Bf3
Rf8 28. Rd4 Kh7 29. Red1 Rc7 30. R1d2 b5 31. Rxh4 Rc4 32. Rxc4 Bxc4 33. Rd6 a5
34. Ra6 b4 35. Rxa5 Rc8 36. Ra7+ Kg6 37. Rb7 b3 38. Rb6 Re8 39. Kh2 Re1 40. Rc6
Bf7 41. Bh5+ Kxh5 42. Rxf6 Bc4 43. Rc6 Bd5 44. Rd6 Rd1 45. Kg3 Rd2 46. Kf4
Rxf2+ 47. Ke3 Rxg2 48. Rxd5+ Kh4 49. Rd6 h5 50. Rd5 Rxb2 51. Kf3 Rh2 52. Rd4+
Kxh3 53. Rb4 Rg2 54. Rb5 h4 55. Rb7 Kh2 56. Rb4 h3 57. Rb6 Rg3+ 58. Kf4 Kg2 59.
Rh6 h2 0-1

[Event "XXXII C.to Italiano femminile"]
[Site "Bratto - Castione della Presolana ITA"]
[Date "2005.08.26"]
[Round "7"]
[White "Borsato, Chiara"]
[Black "Brunello, Marina"]
[Result "0-1"]
[WhiteElo "1649"]
[BlackElo "1667"]
[PlyCount "88"]
[EventDate "2005.08.20"]

1. e4 e5 2. Nf3 Nc6 3. Bb5 d6 4. Nc3 Nf6 5. d4 Bd7 6. Bg5 Be7 7. O-O exd4 8.
Bxc6 dxc3 9. Bxd7+ Qxd7 10. bxc3 h6 11. Bxf6 Bxf6 12. Qd3 O-O-O 13. Nd4 Rhe8
14. Rfe1 d5 15. Rad1 dxe4 16. Rxe4 Rxe4 17. Qxe4 c5 18. Qd3 cxd4 19. cxd4 Qa4
20. c3 Qxa2 21. h3 Qa3 22. Qf5+ Kb8 23. Qf4+ Qd6 24. Qf3 Qd5 25. Qd3 Qa2 26.
Qg3+ Ka8 27. Qf3 Qb3 28. Rd3 Qd5 29. Qd1 Rc8 30. Qg4 Re8 31. Qg3 Re1+ 32. Kh2
Be7 33. Qg4 Bd6+ 34. f4 f5 35. Qg3 Qe4 36. Qf3 Bxf4+ 37. g3 Qe2+ 38. Qxe2 Rxe2+
39. Kg1 Re3 40. Rxe3 Bxe3+ 41. Kg2 b5 42. Kf3 Bd2 43. Ke2 Bxc3 44. Kd3 Be1 0-1

[Event "XXXII C.to Italiano femminile"]
[Site "Bratto - Castione della Presolana ITA"]
[Date "2005.08.26"]
[Round "7"]
[White "De Rosa, Mariagrazia"]
[Black "Rigo, Caterina"]
[Result "1-0"]
[WhiteElo "2100"]
[BlackElo "1718"]
[PlyCount "59"]
[EventDate "2005.08.20"]

1. e4 d5 2. exd5 Qxd5 3. Nc3 Qd6 4. d4 Nf6 5. Nf3 a6 6. g3 Nc6 7. Bg2 Bg4 8.
Bf4 Qd7 9. O-O O-O-O 10. d5 Nb8 11. Qd4 Nc6 12. dxc6 Qxd4 13. cxb7+ Kb8 14.
Nxd4 Rxd4 15. h3 Bd7 16. Rfd1 Rb4 17. Be5 Bc8 18. bxc8=Q+ Kxc8 19. Rd4 e6 20.
Rad1 Bc5 21. Rxb4 Bxb4 22. a3 Be7 23. Rd4 Rd8 24. Bc6 Bc5 25. Rc4 Ba7 26. Ba4
Bb6 27. Kf1 Rd2 28. Ke1 Rd8 29. Rc6 Ba7 30. Na2 1-0

[Event "XXXII C.to Italiano femminile"]
[Site "Bratto - Castione della Presolana ITA"]
[Date "2005.08.26"]
[Round "7"]
[White "Lai, Silvia"]
[Black "Costariol, Elena"]
[Result "0-1"]
[WhiteElo "1748"]
[BlackElo "1605"]
[PlyCount "42"]
[EventDate "2005.08.20"]

1. e4 c5 2. d3 Nc6 3. g3 g6 4. Bg2 Bg7 5. f4 d6 6. Nf3 e5 7. c3 exf4 8. Bxf4
Nge7 9. Nbd2 Bg4 10. h3 Be6 11. Ng5 Bc8 12. Qb3 O-O 13. h4 h6 14. Nxf7 Rxf7 15.
a3 Ne5 16. Bxe5 Bxe5 17. O-O-O Kg7 18. h5 g5 19. Nf3 Bxg3 20. e5 dxe5 21. Kb1
Bf4 0-1

[Event "XXXII C.to Italiano femminile"]
[Site "Bratto - Castione della Presolana ITA"]
[Date "2005.08.26"]
[Round "7"]
[White "Matta, Francesca"]
[Black "Varagnolo, Silvia"]
[Result "1/2-1/2"]
[WhiteElo "1860"]
[BlackElo "1643"]
[PlyCount "95"]
[EventDate "2005.08.20"]

1. d4 d5 2. Nf3 Nf6 3. Bf4 Bf5 4. e3 e6 5. Bd3 Bxd3 6. Qxd3 c6 7. Nbd2 Bd6 8.
Bxd6 Qxd6 9. O-O Nbd7 10. e4 dxe4 11. Nxe4 Nxe4 12. Qxe4 Nf6 13. Qe2 O-O 14. c3
Rad8 15. Rad1 Qc7 16. Qe5 Qb6 17. Rd2 Rd5 18. Qe2 c5 19. Rfd1 cxd4 20. Rxd4
Rfd8 21. Rxd5 Rxd5 22. Rxd5 Nxd5 23. Qd2 h6 24. b3 Qc7 25. c4 Nf6 26. h3 b6 27.
Qd4 Nd7 28. Nd2 e5 29. Qd3 f6 30. b4 a6 31. Nb3 Kf8 32. c5 bxc5 33. Nxc5 Nxc5
34. bxc5 Qxc5 35. Qxa6 Qc1+ 36. Qf1 Qb2 37. Qc4 Qa3 38. g3 e4 39. Qb3 Qc1+ 40.
Kg2 Qd2 41. a4 Qe2 42. a5 g5 43. Qa3+ Kf7 44. Qe3 Qa2 45. Qxe4 Qxa5 46. g4 Qe5
47. Qf3 Ke6 48. Qc6+ 1/2-1/2

[Event "XXXII C.to Italiano femminile"]
[Site "Bratto - Castione della Presolana ITA"]
[Date "2005.08.26"]
[Round "7"]
[White "Merendino, Elda"]
[Black "Tomba, Patrizia"]
[Result "0-1"]
[WhiteElo "1556"]
[BlackElo "1622"]
[PlyCount "73"]
[EventDate "2005.08.20"]

1. d3 e5 2. Nf3 Nc6 3. g3 d5 4. Bg2 Nf6 5. O-O Be7 6. Re1 O-O 7. a3 Rb8 8. b4
a6 9. Bb2 d4 10. Nbd2 Re8 11. Nc4 Bf8 12. c3 dxc3 13. Bxc3 e4 14. dxe4 Nxe4 15.
Qb3 Be6 16. Nfe5 Nxe5 17. Bxe4 Nxc4 18. Rad1 Qe7 19. Bd5 Bxd5 20. Rxd5 Nd6 21.
Qa4 c6 22. Re5 Qd7 23. Rh5 g6 24. Rh4 Be7 25. Rd4 Bf6 26. Qd1 Re6 27. e4 Qe7
28. f4 Bg7 29. e5 Nb5 30. Rd7 Nxc3 31. Rxe7 Nxd1 32. Rxe6 fxe6 33. Rxd1 Bf8 34.
Rd7 c5 35. bxc5 Bxc5+ 36. Kg2 Bxa3 37. Rd3 0-1

[Event "XXXII C.to Italiano femminile"]
[Site "Bratto - Castione della Presolana ITA"]
[Date "2005.08.26"]
[Round "7"]
[White "Mosca, Giulia"]
[Black "Di Cerbo, Giulia"]
[Result "1/2-1/2"]
[WhiteElo "1566"]
[BlackElo "1763"]
[PlyCount "75"]
[EventDate "2005.08.20"]

1. e4 e6 2. d4 d5 3. exd5 exd5 4. Bd3 Nf6 5. Nf3 Bd6 6. Bg5 O-O 7. O-O c6 8. c3
Bg4 9. Nbd2 Nbd7 10. Qc2 Qc7 11. Rfe1 h6 12. Bh4 Rfe8 13. h3 Be6 14. Nf1 Nh5
15. Bf5 Nf4 16. Bxe6 Nxe6 17. Bg3 Nf4 18. Bxf4 Bxf4 19. Re2 Nf6 20. Rae1 Bd6
21. Rxe8+ Rxe8 22. Rxe8+ Nxe8 23. Ne3 Nf6 24. Nf5 Bf8 25. Qe2 Qf4 26. Ne3 Ne4
27. Qc2 Ng5 28. Nxg5 Qxg5 29. Qf5 Qxf5 30. Nxf5 g6 31. Ng3 Be7 32. Kf1 Bg5 33.
Ke2 Bc1 34. b3 Bb2 35. Kd3 Bc1 36. Ne2 Bg5 37. f4 Bf6 38. g4 1/2-1/2